ali baba and the forty thieves (Record no. 7623)

MARC details
000 -LEADER
fixed length control field 00548nam a22001697a 4500
003 - CONTROL NUMBER IDENTIFIER
control field OSt
005 - DATE AND TIME OF LATEST TRANSACTION
control field 20260130080207.0
008 - FIXED-LENGTH DATA ELEMENTS--GENERAL INFORMATION
fixed length control field 260121b |||||||| |||| 00| 0 eng d
040 ## - CATALOGING SOURCE
Original cataloging agency DWCL GS library
Transcribing agency OC
082 ## - DEWEY DECIMAL CLASSIFICATION NUMBER
Classification number Fic. Ar658a 2002
100 ## - MAIN ENTRY--PERSONAL NAME
Personal name Choudhury, Bani Roy
245 ## - TITLE STATEMENT
Title ali baba and the forty thieves
Remainder of title from arabian nights
260 ## - PUBLICATION, DISTRIBUTION, ETC.
Place of publication, distribution, etc. place of publication not identified
Name of publisher, distributor, etc. New Dawn Press Group
Date of publication, distribution, etc. c2005
300 ## - PHYSICAL DESCRIPTION
Extent 48
Other physical details illustrations
Dimensions 25cm
700 ## - ADDED ENTRY--PERSONAL NAME
Personal name Bani Roy Choudhury
942 ## - ADDED ENTRY ELEMENTS (KOHA)
Source of classification or shelving scheme Dewey Decimal Classification
Koha item type Fiction
Classification part Fic. Ar658a
Suppress in OPAC No
952 ## - LOCATION AND ITEM INFORMATION (KOHA)
--
952 ## - LOCATION AND ITEM INFORMATION (KOHA)
--
Holdings
Withdrawn status Lost status Source of classification or shelving scheme Damaged status Not for loan Home library Current library Shelving location Date acquired Total Checkouts Full call number Barcode Date last seen Price effective from Koha item type Uniform Resource Identifier Source of acquisition
    Dewey Decimal Classification     College Library Grade School Library Fiction 01/21/2026   Fic. Ar658a 2002 18445 01/21/2026 01/21/2026 FIC.  
    Dewey Decimal Classification     Grade School Library Grade School Library Fiction 01/30/2026   Fic. C552a 2005 21300 01/30/2026 01/30/2026 FIC. School Fund, Donation